| 000 | 01157cam a22002054a 4500 | ||
|---|---|---|---|
| 005 | 20250605164041.0 | ||
| 008 | 250528s ||||||||||||||||||||||||d | ||
| 035 | _a17004 | ||
| 020 | _a415095786 | ||
| 040 |
_aGR-AtMCL _bgre _dGR-AtMCL _eAACR2 |
||
| 245 | 1 | _aCultural Rights / Technology, Legality and Personality | |
| 250 | _a1st | ||
| 260 |
_bRouledge, _c1993 |
||
| 300 | _a248 | ||
| 520 | _aThis astute and timely book investigates the radical potential of technically unlimited reproduction in postmodern culture. Acknowledgements, Introduction, Regimes of Rights, From Repetition to Replication, Replication and Novelty and Reactivation, Branding and Trademark and the Virtual Audience, Technologies of Reproduction, Mechanical Reproduction: Print and Literacy and the Public Share, Electronic Reproduction: Broadcasting and Watching and Public Service, Micro-Electronic Reproduction: Communication and the Flow of Information and Users, Technologies of Culture and Gender, Simulation and Gender and Contemporary Culture, Bibliography, Name and Subject Index. | ||
| 700 | 1 |
_aLury Celia _93133 |
|
| 942 | _cBK | ||
| 999 |
_c2445 _d2445 |
||